An investigation into English speaking anxiety of Danang high school students /

Đã lưu trong:
Bibliografiske detaljer
Hovedforfatter: Võ Minh Vũ
Format: Ukendt
Sprog:English
Udgivet: 2009.
Fag:
Tags: Tilføj Tag
Ingen Tags, Vær først til at tagge denne postø!
Thư viện lưu trữ: Mạng thư viện Đại học Đà Nẵng
LEADER 01149na a2200325 4500
001 000031219
003 5833
005 20230313092653.0
008 151001s2009 000 eng
040 |a LNN 
041 |a eng 
082 |a 420.8  |b VO-V 
100 |a Võ Minh Vũ 
245 3 |a An investigation into English speaking anxiety of Danang high school students /  |c Võ Minh Vũ. 
260 |c 2009. 
300 |a 72tr. : mh ; 30cm. 
650 |a An investigation into English speaking anxiety of Danang high school students, 2009, Võ Minh Vũ 
852 |b P.Doc  |c Luận văn sinh viên 
OWN |a LNN 
AVA |a UDN50  |b LNN  |c English  |d 420.8 VO-V  |e available  |t Error 5001 Not defined in file expand_doc_bib_avail.  |f 1  |g 0  |h N  |i 0  |j AN  |k 1 
999 |a From the UDN01 
AVA |a UDN50  |b LNN  |c English  |d 420.8 VO-V  |e available  |t Error 5001 Not defined in file expand_doc_bib_avail.  |f 1  |g 0  |h N  |i 0  |j AN  |k 1 
TYP |a Printed language 
980 |a Mạng thư viện Đại học Đà Nẵng